00888cam a22002177a 4500003000500000005001700005008004100022010001000063011001000073035001000083040000900093100003800102245026100140260004400401300002200445502009900467650002500566650002600591650002500617650002800642CHAP20220329135214.0971013s1984 r 00010 d a32573 a33545 a37661 cCHAP00aNieves Pérez, José Guillermo.10aComportamiento del cultivo del melón (Cucumis melo L.) var. gusto 45 con 40 Ton/Ha. de estiércol seco de bovino y 100 Kg./Ha de urea en siembra directa y trasplante :bCampo Agrícola Experimental de la Palma, Apodaca, N.L. primavera-verano, 1984c/ p a(Monterrey, N. L. ) :bEl autor,c1984. a85 h.b; gráfs. aTesis (Ing. Agr. en Producción) -- ITESM. División de Ciencias Agropecuarias y Marítimas14aEstiércol de vaca.14aMelónxRendimiento.14aMelónxTrasplante.14aUrea como fertilizante.